|
|
|
|
| LEADER |
00686cam a2200193 a 4500 |
| 001 |
0000094444 |
| 005 |
20080520090000.0 |
| 040 |
|
|
|a mod
|
| 041 |
|
|
|a eng
|
| 020 |
0 |
0 |
|a 0833025953
|
| 090 |
0 |
0 |
|a 358.4070973 LOR
|
| 100 |
0 |
0 |
|a Lorell, Mark A.
|
| 245 |
0 |
4 |
|a The cutting edge
|b a half century of U.S. fighter aircraft R & D
|c by Mark A. Lorell and hugh P. Levaux
|
| 260 |
0 |
0 |
|a Santa Monica
|b Rand
|c 1998
|
| 300 |
0 |
0 |
|a vii, 219p.
|b 25cm
|
| 500 |
0 |
0 |
|a June 1998."
|
| 650 |
0 |
0 |
|a Fighter planes-Research-United States-history, Aeronautics, military-Research-United States-History
|
| 700 |
0 |
0 |
|a Levaux, Hugh P.
|
| 999 |
|
|
|a 1000002029
|b Maktab Pertahanan Angkatan Tentera
|d BOOKS
|e Umum
|f MPAT
|j AVAILABLE
|q GOOD CONDITION
|